| 000 | 00503nam a2200157 i 4500 | ||
|---|---|---|---|
| 001 | 141550 | ||
| 003 | ES-MaACL | ||
| 007 | t| | ||
| 008 | 070925s1972 xxr ||||1| eng d | ||
| 100 | 1 |
_aVolkov, M. V. _9115704 |
|
| 245 | 1 | 0 |
_aChildhood osteology _b: bone tumours and dysplasias / _cM. V. Volkov ; translated from the russian by L. Aksenova. |
| 260 |
_aMoscow : _bMir, _c1972. |
||
| 300 |
_a466 p, 7 lám. : _bil. ; _c24 cm. |
||
| 700 | 1 |
_aAksenova, L. _919040 |
|
| 852 |
_aES-MaACL _jE-5279 _bR.89480 |
||
| 999 |
_c141550 _d141550 |
||